000 01438cam a2200385 a 4500
001 12878616
003 OSt
005 20140310184420.0
008 020801s2002 nyua b 000 1 eng d
010 _a 2002510516
020 _a9780439306089
035 _a(OCoLC)ocm49702512
040 _aBKL
_cBKL
_dDLC
042 _alcac
_alccopycat
050 0 0 _aPZ 7
_b.Ab1587Mo 2002
100 1 _aAbbott, Tony,
_d1952-
_926608
245 1 4 _aThe Moon Scroll /
_cby Tony Abbott ; illustrated by Tim Jessell.
260 _aNew York :
_bScholastic,
_c2002
300 _a129 p. :
_bill. ;
_c19 cm.
440 0 _aSecrets of Droon ;
_v#15
_926609
500 _a"A Little Apple paperback."
520 _aIn order to defend himself in Lord Sparr's evil underworld, Galen needs the powerful wand of Urik, a magic tool that's been hidden for years. Keeah and her Upper World friends attempt to find the wand by following the Moon Scroll, which has the power to take anyone who reads it back through time.
521 0 _aG2
526 _c450
562 _e1
650 1 _aMagic
_vFiction.
_926610
650 1 _aTime travel
_vFiction.
_926611
650 1 _aFantasy.
_93293
700 1 _aJessell, Tim,
_eill.
_926612
800 1 _aAbbott, Tony,
_d1952-
_tSecrets of Droon ;
_v#15.
_926613
906 _a7
_bcbc
_ccopycat
_d3
_encip
_f20
_gy-gencatlg
942 _2lcc
_cBK-SCHOLAS
999 _c34210
_d34210